ARTE. CULTURA INFORMAZIONE. MERCATO INFORMALE IN FORMA. OTTOBRE 1996. PIERRE E GILLES. COPPIA SEDUZIONE PARIGI. (Record n. 335544)

Dettagli MARC
000 -LEADER
fixed length control field 01886nas a2200277Ia 4500
001 - CONTROL NUMBER
control field R053-S8000
003 - CONTROL NUMBER IDENTIFIER
control field IT-CnALBA
008 - FIXED-LENGTH DATA ELEMENTS--GENERAL INFORMATION
fixed length control field 170116c99999999xx |||||||||||| ||und||
040 ## - CATALOGING SOURCE
Original cataloging agency IT-CnALBA
Transcribing agency IT-CnALBA
041 ## - LANGUAGE CODE
Language code of text/sound track or separate title ITALIANO
999 ## - SYSTEM CONTROL NUMBERS (KOHA)
Koha Dewey Subclass [OBSOLETE] NO
100 ## - MAIN ENTRY--PERSONAL NAME
Personal name COBOLLI GIGLI NICOLETTA
210 ## - ABBREVIATED TITLE
Abbreviated title ARTE
222 ## - KEY TITLE
Key title ARTE
245 #0 - TITLE STATEMENT
Title ARTE. CULTURA INFORMAZIONE. MERCATO INFORMALE IN FORMA. OTTOBRE 1996. PIERRE E GILLES. COPPIA SEDUZIONE PARIGI.
250 ## - EDITION STATEMENT
Edition statement 1a ed.
260 ## - PUBLICATION, DISTRIBUTION, ETC. (IMPRINT)
Place of publication, distribution, etc. MILANO
Name of publisher, distributor, etc. MONDADORI GIORGIO EDIT.
Date of publication, distribution, etc. 1996 [1° Ed.:1996 - Ed.Ling.Originale: 1996]
300 ## - PHYSICAL DESCRIPTION
Extent 154 p.
310 ## - CURRENT PUBLICATION FREQUENCY
Current publication frequency MENSILE
362 ## - DATES OF PUBLICATION AND/OR SEQUENTIAL DESIGNATION
Dates of publication and/or sequential designation Fascicolo: 278 / (1996)
500 ## - GENERAL NOTE
General note MOSTRA ARTE. ITALIANI DIECI PER IL NUOVO MILLENNIO. JASPER JOHNS. STORIA DEL POP, SUA BANDIERA. LA MOSTRA DI ARTE. ABORIGENI ALLA SCOPERTA DELLA PRIMA ARTE MODERNA, CARLO MARIA MARIANI. MORELLO M. NEOCLASSICO CONCETTUALE. CABUTTI L. BICCHIERI DA ABSOLUT, SCULTURE PER BRINDISI DI AUTORE. HERMAN HESSE, GLI ACQUARELLI DI SIDOHARTA. LODOLA MARCO, SAGOME PIENE DI LUCE. VALIGIA DI BALDASSI PIENA DI AMERICANI. MARCHINI SIMONA ATTRICE E GALLERISTA. EVENTI. FOTOGRAFIA PITTORI SCULTORI. RUBRICHE ARTE E MERCATO.
501 ## - WITH NOTE
With note Società San Paolo EM - Piazza San Paolo, 14 - 12051 ALBA (CN) (non commercial uses only) ® Copyright 2017
520 ## - SUMMARY, ETC.
Summary, etc. MOSTRA ARTE. ITALIANI DIECI PER IL NUOVO MILLENNIO. JASPER JOHNS. STORIA DEL POP, SUA BANDIERA. LA MOSTRA DI ARTE. ABORIGENI ALLA SCOPERTA DELLA PRIMA ARTE MODERNA, CARLO MARIA MARIANI. MORELLO M. NEOCLASSICO CONCETTUALE. CABUTTI L. BICCHIERI DA ABSOLUT, SCULTURE PER BRINDISI DI AUTORE. HERMAN HESSE, GLI ACQUARELLI DI SIDOHARTA. LODOLA MARCO, SAGOME PIENE DI LUCE. VALIGIA DI BALDASSI PIENA DI AMERICANI. MARCHINI SIMONA ATTRICE E GALLERISTA. EVENTI. FOTOGRAFIA PITTORI SCULTORI. RUBRICHE ARTE E MERCATO.
650 ## - SUBJECT ADDED ENTRY--TOPICAL TERM
Topical term or geographic name as entry element SCIENZE UMANE E RELIGIOSE
942 ## - ADDED ENTRY ELEMENTS (KOHA)
Koha item type RIVISTA
957 ## -
-- 1
999 ## - SYSTEM CONTROL NUMBERS (KOHA)
-- 1
Dati di copia
Withdrawn status Lost status Damaged status Not for loan Home library Current library Date acquired Total Checkouts Full call number Date last seen Price effective from Koha item type Public note
    Buone Condizioni Not For Loan ALBA - Biblioteca ALBA - Biblioteca 16/01/2017   R053-S8000 16/01/2017 16/01/2017 RIVISTA (data import: 16 gennaio 2017) - By Epidotti, Vaglietti.
CREDITS: SOCIETA' SAN PAOLO Via A.Severo, 58 - ROMA (RM) & PERIODICI SAN PAOLO SRL Via Giotto, 36 MILANO & CISF Via Giotto, 36 MILANO & EDIZIONI SAN PAOLO SRL,  Piazza Soncino, 5 CINISELLO BALSAMO (MI) -- ITALY